Vzhůru ke dnu /

Hlavní autor: Nenadál, Radoslav, 1929-2018
Jazyk: Čeština
Vydáno: Praha : Olympia, 2004
Vydání: 1. vyd.
Témata:
Externí odkaz: Digitalizovaný dokument
Fyzický popis: 247 s. ; 21 cm
Knihy
Uloženo v:
LEADER 00977nam a2200289 a 4500
001 000709553
003 CZ BrMZK
005 20040520121109.0
007 ta
008 040325s2004 xr e 000 1 cze d
015 |a cnb001304940 
020 |a 80-7033-829-6  |q (váz.) 
035 |a (OCoLC)56855131 
040 |a BOA001  |b cze 
072 7 |a 821.162.3-3  |x Česká próza  |2 Konspekt  |9 25 
080 |a 821.162.3-31  |2 MRF 
080 |a (0:82-31)  |2 MRF 
100 1 |a Nenadál, Radoslav,  |d 1929-2018  |7 jk01083165  |4 aut 
245 1 0 |a Vzhůru ke dnu /  |c Radoslav Nenadál 
250 |a 1. vyd. 
260 |a Praha :  |b Olympia,  |c 2004 
300 |a 247 s. ;  |c 21 cm 
655 7 |a české romány  |7 fd133974  |2 czenas 
856 4 1 |u http://www.digitalniknihovna.cz/mzk/uuid/uuid:abf7c020-a29a-11e2-9a08-005056827e52  |y Digitalizovaný dokument  |x NDK 
910 |a BOA001  |b 2-1133.476 
990 |a BK 
996 6 |b 2610216861  |c 2-1133.476  |l MZK  |r Sklad / do 1 hodiny  |n 6  |p p.v.  |w 000709553  |u 000010  |a 1  |e BOA001  |j MZK50  |s P